000 00830nam a2200241Ia 4500
001 16981
003 GE_BSU
008 181216s||||||||xx |||||||||||||| ||und||
040 _cGE_BSU
080 _a821.353.1-32
100 _aამირეჯიბი, ჭ. (ჭაბუა, 1921-2013)
245 _aგზა
245 _bმოთხრობები
245 _cრედ.ბ.ჟღენტი
260 _aთბილისი
260 _bსაბჭ. მწერალი
260 _c1962
300 _a145 გვ. ;15 სმ.
653 _aგზა
653 _aველოსიპედი; თეთრი ხალათები; ქანჩი; მარხილი; რატომ არ დამაცადე; გზა
653 _aმოთხრობები
942 _cBK
999 _c50043
_d50043